| 000 | 00816nam a22002535a 4500 | ||
|---|---|---|---|
| 005 | 20171206102859.0 | ||
| 008 | 171206t1983 enka fr 001 0 eng d | ||
| 020 | _a0852004028 (pbk) | ||
| 040 |
_aEG-ScBUE _beng _cEG-ScBUE |
||
| 082 | 0 | 4 |
_a617.51 _bOTO _222 |
| 245 | 0 | 4 |
_aOtorhinolaryngology : _bincluding oral medicine and surgery / _cedited by A. G. D. Maran. |
| 260 |
_aLancaster : _bMTP Press, _cc.1983. |
||
| 300 |
_axii, 229 p. : _bill. ; _c28 cm. |
||
| 490 | 0 |
_aNew Medicine ; _vv. 4 |
|
| 500 | _aIncludes Index. | ||
| 541 | _aDonations from Bibliotheca Alexandrina. | ||
| 650 | 7 |
_aOtolaryngology. _2BUEsh |
|
| 650 | 7 |
_aOtorhinolaryngologic Diseases. _2BUEsh |
|
| 650 | 7 |
_aMedicine. _2BUEsh |
|
| 651 | _2BUEsh | ||
| 653 |
_bPPhrm _bNNUR _cDecember2017 |
||
| 700 | 1 |
_aMaran, A. G. D., _eeditor. |
|
| 942 | _2ddc | ||
| 999 |
_c3450 _d3450 |
||